[Event "HUN-chT2 Erkel 1112"]
[Site "Hungary"]
[Date "2012.05.20"]
[Round "11.6"]
[White "Kocsis, Daniel"]
[Black "Miklosi, Domonkos"]
[Result "1/2-1/2"]
[WhiteElo "1626"]
[BlackElo "1764"]
[PlyCount "44"]
[EventDate "2011.09.25"]
[EventType "team-tourn"]
[EventRounds "11"]
[EventCountry "HUN"]
[SourceTitle "EXT 2013"]
[Source "ChessBase"]
[SourceDate "2012.11.22"]
[SourceVersion "1"]
[SourceVersionDate "2012.11.22"]
[SourceQuality "1"]
[WhiteTeam "Ujszasz"]
[BlackTeam "Honved II"]
[WhiteTeamCountry "HUN"]
[BlackTeamCountry "HUN"]

1. c4 e5 2. Nc3 Nf6 3. e3 Bb4 4. Nge2 0-0 5. g3 d6 6. Bg2 Nc6 7. 0-0 Ne7 8. Qb3 Bxc3 9. bxc3 Rb8 10. Rb1 Bf5 11. Rb2 Bd3 12. Re1 b5 13. cxb5 Rxb5 14. Qa4 Qb8 15. Rxb5 Qxb5 16. Qxb5 Bxb5 17. Ba3 Bc6 18. d4 Bxg2 19. Kxg2 Nc6 20. Rb1 Rb8 21. Rxb8+ Nxb8 22. dxe5 dxe5 1/2-1/2

[Event "HUN-chT2 Erkel 1112"]
[Site "Hungary"]
[Date "2012.03.25"]
[Round "8.12"]
[White "Kocsis, Daniel"]
[Black "Palla, Akos Botond"]
[Result "1-0"]
[WhiteElo "1626"]
[BlackElo "1817"]
[PlyCount "63"]
[EventDate "2011.09.25"]
[EventType "team-tourn"]
[EventRounds "11"]
[EventCountry "HUN"]
[SourceTitle "EXT 2013"]
[Source "ChessBase"]
[SourceDate "2012.11.22"]
[SourceVersion "1"]
[SourceVersionDate "2012.11.22"]
[SourceQuality "1"]
[WhiteTeam "Ujszasz"]
[BlackTeam "Sarkany"]
[WhiteTeamCountry "HUN"]
[BlackTeamCountry "HUN"]

1. c4 e5 2. Nc3 Bb4 3. e3 Bxc3 4. bxc3 Nc6 5. d4 d6 6. Be2 f5 7. Ba3 Nf6 8. Qa4 Bd7 9. Qb3 a5 10. c5 Ne4 11. cxd6 cxd6 12. Nf3 Qc8 13. Bd3 Be6 14. Qc2 h6 15. Bxe4 fxe4 16. Nd2 Nb4 17. Bxb4 axb4 18. Nxe4 Ke7 19. dxe5 dxe5 20. Qb2 b3 21. axb3 Qc6 22. Rxa8 Rxa8 23. f3 Bxb3 24. 0-0 Bg8 25. Qb4+ Ke6 26. Nc5+ Kf6 27. Qh4+ Kf7 28. Qh5+ g6 29. Qxe5 Ra5 30. Qf4+ Kg7 31. Qd4+ Kf8 32. Qd8+ 1-0

[Event "HUN-chT2 Erkel 1011"]
[Site "Hungary"]
[Date "2010.09.12"]
[Round "1.12"]
[White "Kocsis, Daniel"]
[Black "Vecsernyes, Norbert"]
[Result "0-1"]
[WhiteElo "1242"]
[BlackElo "1887"]
[PlyCount "62"]
[EventDate "2010.09.12"]
[EventType "team-tourn"]
[EventRounds "11"]
[EventCountry "HUN"]
[SourceTitle "EXT 2012"]
[Source "ChessBase"]
[SourceDate "2011.11.24"]
[SourceVersion "1"]
[SourceVersionDate "2011.11.24"]
[SourceQuality "1"]
[WhiteTeam "Ujszasz"]
[BlackTeam "Dunaharaszti II"]
[WhiteTeamCountry "HUN"]
[BlackTeamCountry "HUN"]

1. e4 e6 2. d3 c5 3. Bf4 Nc6 4. Nc3 d5 5. Nf3 Nf6 6. Qd2 a6 7. Be2 d4 8. Nd1 Nh5 9. 0-0 Nxf4 10. Qxf4 Bd6 11. Qd2 Qc7 12. c3 f6 13. Rc1 Bf4 14. Ne3 dxe3 15. fxe3 Bd6 16. d4 0-0 17. Bd1 cxd4 18. cxd4 Qb6 19. Rf2 e5 20. dxe5 Nxe5 21. Nxe5 Bxe5 22. Qd5+ Be6 23. Qd3 Rfd8 24. Qe2 Qd6 25. g3 Rac8 26. Ra1 g6 27. Qe1 Qd3 28. h3 Bxg3 29. Qf1 Qxe3 30. Kg2 Bxf2 31. Qxf2 Rd2 0-1